[Event "Club Championships A Grade"]
[Site "Wellington Chess Club"]
[Date "2019.10.31"]
[Round "6"]
[White "Winter, Ryan"]
[Black "Cilia Vincenti, David"]
[Result "0-1"]
[WhiteElo "2087"]
[BlackElo "2271"]

1. e4 e5 2. Nf3 Nc6 3. d4 exd4 4. Bc4 Nf6 5. e5 d5 6. Bb5 Ne4 7. Nxd4 Bd7 8.
Bxc6 bxc6 9. O-O Bc5 10. f3 Ng5 11. Be3 f6 12. f4 fxe5 13. fxg5 exd4 14. Bxd4
Bxd4+ 15. Qxd4 Qxg5 16. Nc3 Bh3 17. Rae1+ Kd8 18. Re2 Re8 19. Ref2 a5 20. Kh1
Bd7 21. Rf7 Qe5 22. Qh4+ Kc8 23. R7f2 Kb7 24. Rd2 Rf8 25. Rfd1 Qf6 26. Qxf6
Rxf6 27. h3 Raf8 28. Na4 Rf1+ 29. Rxf1 Rxf1+ 30. Kh2 Bf5 31. g4 Bg6 32. Kg3 Rc1
33. c3 Rg1+ 34. Kf2 Rh1 35. Kg3 Kc8 36. Nc5 Re1 37. Kf2 Re8 38. a3 Bb1 39. Nb3
Rf8+ 40. Kg3 Be4 41. Nxa5 Rf3+ 42. Kh2 Kd7 43. Nb3 Kd6 44. Nd4 Rf1 45. Nb3 g6
46. Na5 Ke5 47. Kg3 Rf3+ 48. Kh2 Kf4 49. Kg1 Rxh3 50. Rh2 Rd3 51. Rf2+ Kg3 52.
Nxc6 Rd1+ 53. Rf1 Rd2 54. Rc1 Rh2 0-1

[Event "Club Championships A Grade"]
[Site "Wellington Chess Club"]
[Date "2019.11.07"]
[Round "7"]
[White "Benitez, Edgar"]
[Black "Croad, Nicolas"]
[Result "0-1"]
[WhiteElo "2040"]
[BlackElo "2442"]

1. d4 Nf6 2. c4 e6 3. Nc3 Bb4 4. e3 O-O 5. Bd3 d5 6. cxd5 exd5 7. Ne2 b6 8. O-O
c5 9. b3 cxd4 10. exd4 Nc6 11. Bb2 Bd6 12. h3 Be6 13. f4 Re8 14. Rc1 Bd7 15.
Rf3 a6 16. Qf1 h6 17. Rd1 Ne7 18. Qf2 b5 19. Bc1 Rc8 20. Kh1 Bc6 21. Ng3 Bb7
22. Bd2 b4 23. Nce2 Ne4 24. Qf1 Ng6 25. Bxe4 dxe4 26. Re3 Ne7 27. Ng1 f5 28.
Ree1 Qd7 29. Nh5 Nd5 30. Be3 Qf7 31. Ng3 Rc3 32. Qf2 Rec8 33. Nf1 g6 34. Ne2
Rc2 35. Rc1 a5 36. Rxc2 Rxc2 37. Qh4 Qf8 38. Qg3 Kh7 39. h4 Ba6 40. Qf2 Nc3 41.
Nfg3 Qf6 42. h5 Qh4+ 43. Kg1 Nxe2+ 44. Nxe2 Qxf2+ 45. Kxf2 gxh5 46. d5 Rxa2 47.
g3 Kg6 48. Bd4 Rd2 49. Ke3 Rd3+ 50. Kf2 Kf7 51. Rc1 Rd2 52. Rc6 Bxe2 53. Rxd6
Bf3+ 54. Ke3 Rd3+ 0-1

[Event "Club Championships A Grade"]
[Site "Wellington Chess Club"]
[Date "2019.11.07"]
[Round "7"]
[White "Cilia Vincenti, David"]
[Black "Nijman, Brian"]
[Result "0-1"]
[WhiteElo "2271"]
[BlackElo "2212"]

1. d4 e6 2. c4 Bb4+ 3. Bd2 Bxd2+ 4. Qxd2 f5 5. Nc3 Nf6 6. f3 Nc6 7. d5 Ne5 8.
e4 fxe4 9. fxe4 O-O 10. O-O-O d6 11. Be2 exd5 12. cxd5 Nfg4 13. Bxg4 Bxg4 14.
Nge2 Rf2 15. Rhg1 Qh4 16. g3 Qf6 17. Rh1 Bxe2 18. Nxe2 Nc4 19. Qc2 Ne3 20. Qd2
Nxd1 21. Kxd1 Qf3 22. Re1 Re8 23. Qc3 Qxe4 0-1

[Event "Club Championships A Grade"]
[Site "Wellington Chess Club"]
[Date "2019.11.14"]
[Round "8"]
[White "Croad, Nicolas"]
[Black "Cilia Vincenti, David"]
[Result "1-0"]
[WhiteElo "2442"]
[BlackElo "2271"]

1. d4 f5 2. Nf3 e6 3. g3 Nf6 4. Bg2 g6 {I was and still am a little confused by
this course of events. In the positions I am familiar with before the game
Black would prefer a more direct g7-g6 and then to play e7-e6 later or maybe
e7-e5 in one move. I decided to treat it fairly simply as a race to get e2-e4
in before Black gets e6-e5. I think success in that endeavour should lead to at
least some White advantage.} 5. c4 Bg7 6. Nc3 O-O 7. O-O d6 8. Qc2 Nc6 { Now
Black is preparing e6-e5 and White is pretty much obliged to break apart the
Black centre with d4-d5 or accept the consequences of Black's large pawn
centre.} 9. d5 Nb4 {attacking the White queen and if the knight is un-harassed
then Black will follow up with e6-e5 and then stand at least equal.} 10. Qb3
Na6 11. dxe6 Nc5 {I got a bit lucky navigating the opening. I was about 20
minutes behind David on the clock to this point as he was clearly familiar with
the exact position while I was working it out for myself.}  ( { Fortunately
here I had decided I needed a response to} 11... Bxe6 { and I noticed the idea
of} 12. Ng5 Nc5 13. Qc2 { there was no where else reasonable to retreat the
queen to.} 13... Bxc4 14. Na4 $1 { after which White appeared to come out
better off from the complications which follow.} ) 12. Qc2 Bxe6 13. Ng5 $5
{Based on the prior variation, of course I was happy to transpose. After the
game David expressed surprise at this move as White has generally preferred
b2-b3 at this moment in other practice. Its not a novelty however} 13... Bxc4
$2 ( {The only previous game I found went} 13... Bd7 14. b4 Ne6 15. Rb1 Rb8 16.
Nxe6 Bxe6 17. Nd5 c6 { 1/2-1/2 Dobrzynski,W-Bednarski,J/Poznan 1971/EXT 2003} )
14. Na4 $1 { David missed this reply to capturing the pawn.} 14... Bf7 $2 ( {
White is still clearly better after the stronger} 14... Bd5 15. Bxd5+ Nxd5 16.
Nxc5 dxc5 17. Ne6 Qe7 18. Nxf8 Rxf8 19. Rd1 c6 $14 {and I suggest practically
Black struggles to justify his compensation for the material deficit of the
exchange for a pawn.} )  (14... Bxe2 $4 15. Qxe2 Nxa4 16. Qc4+ Kh8 17. Qxa4 $18
{ leaves White with an extra piece.} )  (14... Nfe4 15. Nxc5 $1 Nxg5 16. Bxg5
Qxg5 17. Qxc4+ Rf7 18. Bxb7 $18)  (14... b5 15. Nxc5 dxc5 16. Bxa8 Qxa8 17. Be3
$14) 15. Nxf7 Rxf7 16. Nxc5 dxc5 17. Bxb7 Rb8 18. Ba6 {This seemed a better
diagonal than a8-h1 as the bishop doesn't get locked out by Ne4 from a2-g8.}
18... Rd7 19. Bb5 { The Black rook is harrassed hastening the development of
White's bishops.} 19... Rd6 ( {Relying on the simple tactic} 19... Rxb5 20.
Qc4+ Kh8 21. Qxb5 $18 { winning the exchange.} )  ( {The rook is also harrassed
after} 19... Rd4 20. Bc4+ Kh8 21. Be3 Rd6 22. Bb3 Ne4 23. Rad1 Qe7 24. Bxc5
Nxc5 25. Qxc5 Bxb2 26. Qxa7 $16) 20. Bf4 Rdb6 21. a4 Qe7 (21... a6 $2 22. Bxa6
$1 { was an obvious shot now, given the previous ones.} ) 22. Rac1 ( {The more
direct } 22. b4 {which I didn't consider was also quite strong} 22... Nd5 (
22... cxb4 23. Bxc7 Ne4 24. Bxb6 axb6 25. Rad1 $16)  (22... Nh5 23. bxc5 Re6
24. Rab1 Nxf4 25. gxf4 Kh8 $16) 23. Qa2 Rd8 24. Rad1 c6 25. bxc5 $18) 22... a6
23. Bc4+ ( { I made a mistake in my calculations here, but fortunately didn't
go with} 23. Qc4+ $2 Kh8 24. Bxa6 Ra8 $1 25. Bb5 c6 $17 { After which Black
gains the material advantage.} )  ( { Also a strong anternative was} 23. Bd3
Ne4 24. Bxe4 fxe4 25. Qxc5 Qxc5 26. Rxc5 Rxb2 27. Rxc7 $16 {though the position
has clarified a lot.} ) 23... Kh8 24. b3 Ne4 25. a5 Rb4 {on reaching this
position I evaluated that the position should be winning if I  can control and
invade down the d-file, even if that means entering an opposite coloured bishop
ending.} 26. Rfd1 Nc3 27. Rd2 Nb5 ( { After the knight goes back with} 27...
Ne4 {White improves with} 28. Rd3 $18 { and will now get to invade along the
d-file} )  ( { Both of us noticed that the combination} 27... Rxc4 28. bxc4 Rb2
29. Qxb2 Nxe2+ 30. Rxe2 $18 {doesn't work as both queens are now attacked.} )
28. Be3 (28. Qd1 $1 Nc3 29. Rd7 $1 $18 { was a bit much for me to calculate
approaching time trouble.} ) 28... Na3 ( { Probably a better practical chance
was} 28... Nd4 { When White can maintain an advantage by direct play, but at
material risk.} 29. Bxd4 ( {Probably I would have played along the lines of}
29. Qd1 Qf6 30. Rd3 Re8 31. Qd2 Qd6 {when the complications continue} 32. Bf4
Qc6 33. Rxd4 Bxd4 34. Bf7 Re6 35. Bxe6 Qxe6 36. e3 Bf6 37. Rxc5 Rxb3 38. Qc2
$18) 29... cxd4 30. Bxa6 Bh6 31. Bc4 Bxd2 32. Qxd2 c5 33. e3 Rd8 34. a6 Rbb8
35. exd4 $16) 29. Qd1 $1 ( { To me this was the only move after I had noticed
the variation} 29. Qd3 $2 Nxc4 30. bxc4 Rb3 $1 31. Qd7 Rxe3 $1 32. fxe3 Qxe3+
33. Kg2 $19 { and it just looked like Black was better here (Black is
winning).} ) 29... Nxc4 30. bxc4 Bb2 $2 { White is winning material anyway but
this shortened the game somewhat.} 31. Rd7 Qe5 (31... Qf8 32. Rc2 Bg7 33. Rxc7
$18) 32. Rd8+ Rxd8 33. Qxd8+ Kg7 34. Rd1 { There is no reasonable defence to
Rd7+} 1-0

[Event "Club Championships A Grade"]
[Site "Wellington Chess Club"]
[Date "2019.11.14"]
[Round "8"]
[White "Dive, Russell"]
[Black "Benitez, Edgar"]
[Result "1-0"]
[WhiteElo "2410"]
[BlackElo "2040"]

1. Nf3 Nf6 2. c4 e6 3. g3 d5 4. Bg2 c5 5. O-O Be7 6. cxd5 exd5 7. d4 O-O 8. Nc3
Nc6 9. dxc5 Bxc5 10. Bg5 Be6 11. Rc1 Be7 12. a3 Rc8 13. Qd3 Qd7 14. Rfd1 Rfd8
15. b4 h6 16. Bf4 a6 17. Ne5 Qe8 18. h3 Bd6 19. Nxc6 Rxc6 20. Bxd6 Rcxd6 21.
Kh2 Qd7 22. e3 b5 23. Qd4 Rc8 24. Ne2 Rdc6 25. Rxc6 Rxc6 26. Nf4 Rc2 27. Kg1
Rc4 28. Qb6 Rc6 29. Qb8+ Rc8 30. Qe5 Qc6 31. g4 Qc2 32. Rf1 Qc3 33. Qd6 Qc6 34.
Qxc6 Rxc6 35. Rd1 Rc3 36. Rd3 Rxd3 37. Nxd3 Kf8 38. Nc5 Bc8 39. Kf1 Ke7 40. Ke2
Kd6 41. Kd3 g5 42. Kd4 h5 43. gxh5 Nxh5 44. Bxd5 f5 45. Bb7 Bd7 46. Nxd7 Kxd7
47. Bxa6 Kc6 48. Bc8 f4 49. Bg4 1-0

[Event "Club Championships A Grade"]
[Site "Wellington Chess Club"]
[Date "2019.11.14"]
[Round "8"]
[White "Ker, Anthony"]
[Black "Pomeroy, Arthur"]
[Result "1-0"]
[WhiteElo "2451"]
[BlackElo "2074"]

1. e4 c5 2. Nc3 a6 3. f4 b5 4. Nf3 Bb7 5. d3 e6 6. Qe2 Be7 7. g3 d5 8. Bg2 Nc6
9. O-O Nf6 10. Bd2 Qc7 11. Rae1 b4 12. Nd1 dxe4 13. dxe4 a5 14. c4 O-O-O 15.
Nf2 h5 16. Ng5 Nd4 17. Qd1 Bf8 18. h4 g6 19. Re3 Bh6 20. Rd3 Bxg5 21. hxg5 Ng8
22. Be3 Qd7 23. a3 Ne7 24. axb4 axb4 25. Bxd4 cxd4 26. Qd2 Nc6 27. e5 h4 28. g4
Qc7 29. Ne4 h3 30. Bf3 h2+ 31. Kh1 Nxe5 32. fxe5 Qxe5 33. Qg2 Rd7 34. Ra1 Qf4
35. Nc5 1-0

[Event "Club Championships A Grade"]
[Site "Wellington Chess Club"]
[Date "2019.11.14"]
[Round "8"]
[White "Nyberg, Michael"]
[Black "Timergazi, Layla"]
[Result "0-1"]
[WhiteElo "2104"]
[BlackElo "2166"]

1. e4 c6 2. d4 d5 3. Nd2 dxe4 4. Nxe4 Bf5 5. Ng3 Bg6 6. Nf3 Nd7 7. Bc4 e6 8.
Qe2 Ngf6 9. h4 h6 10. O-O Be7 11. Re1 Nd5 12. h5 Bh7 13. c3 O-O 14. Nh2 N7f6
15. Ng4 Bd6 16. Ne5 c5 17. a4 cxd4 18. cxd4 Rc8 19. Ba2 a6 20. Bd2 Bb8 21. Rac1
Qb6 22. Rxc8 Rxc8 23. Bxd5 Nxd5 24. Bc1 Qxd4 25. Nf3 Qg4 26. Qd1 Bxg3 27. fxg3
Qxg3 28. Nd4 Rc4 29. Nf3 Rc2 30. Re2 Qc7 31. Re1 Qc5+ 32. Kh1 Qf2 33. Rg1 Be4
34. Qf1 Qg3 35. Bxh6 gxh6 36. Nh2 Rf2 0-1

[Event "Club Championships A Grade"]
[Site "Wellington Chess Club"]
[Date "2019.11.14"]
[Round "8"]
[White "Winter, Ryan"]
[Black "Nijman, Brian"]
[Result "1-0"]
[WhiteElo "2087"]
[BlackElo "2212"]

1. e4 c6 2. d4 d5 3. e5 c5 4. dxc5 e6 5. a3 Bxc5 6. b4 Bb6 7. Bb2 Qh4 8. Qf3 a5
9. g3 Qe7 10. Qg4 f5 11. Qf4 axb4 12. axb4 Rxa1 13. Bxa1 Nc6 14. b5 Nd4 15. Qd2
Qc5 16. Bxd4 Qxd4 17. Qxd4 Bxd4 18. f4 Bd7 19. Nf3 Bc5 20. Bd3 Ne7 21. Nbd2 O-O
22. Ke2 Ra8 23. Nb3 Bb6 24. Ra1 Rxa1 25. Nxa1 h6 26. Nb3 Be8 27. Nfd4 Bh5+ 28.
Kf1 Kf7 29. c4 Bd1 30. c5 Bd8 31. b6 Bxb3 32. Nxb3 Nc6 33. Bb5 Ke7 34. Bxc6
bxc6 35. Ke2 Kd7 36. Kd3 g5 37. Kc3 gxf4 38. gxf4 Bh4 39. Nd4 Bf2 40. Nxe6 Kc8
41. Nd4 Be3 42. e6 Bxf4 43. Nxc6 Bxh2 44. Ne7+ Kb7 45. Nxd5 1-0

[Event "Club Championships A Grade"]
[Site "Wellington Chess Club"]
[Date "2019.11.21"]
[Round "9"]
[White "Benitez, Edgar"]
[Black "Ker, Anthony"]
[Result "0-1"]
[WhiteElo "2040"]
[BlackElo "2451"]

1. d4 Nf6 2. c4 e6 3. Nf3 Bb4+ 4. Nc3 O-O 5. Bg5 h6 6. Bxf6 Qxf6 7. e3 Bxc3+ 8.
bxc3 b6 9. Be2 Nc6 10. O-O d6 11. e4 Na5 12. e5 Qe7 13. Bd3 c5 14. dxc5 dxc5
15. Be4 Bb7 16. Qe2 Rad8 17. Rfd1 Bxe4 18. Qxe4 Rd7 19. h3 Rfd8 20. Re1 Rd3 21.
Rac1 Qb7 22. Qf4 Qa6 23. Re4 Nc6 24. Qh4 Qa3 25. Rce1 Qxc3 26. R1e2 Rxf3 27.
gxf3 Rd1+ 28. Kg2 Qa1 29. f4 Nd4 30. Rxd4 cxd4 31. Qd8+ Kh7 32. Qc7 d3 33. Re3
d2 34. Qxf7 Rg1+ 35. Kf3 d1=Q+ 0-1

[Event "Club Championships A Grade"]
[Site "Wellington Chess Club"]
[Date "2019.11.21"]
[Round "9"]
[White "Nijman, Brian"]
[Black "Croad, Nicolas"]
[Result "0-1"]
[WhiteElo "2212"]
[BlackElo "2442"]

1. d4 Nf6 2. Bg5 d5 3. e3 c6 4. Bd3 Qb6 5. Qc1 g6 6. Nf3 Bg7 7. Nbd2 O-O 8. h3
Nbd7 9. O-O c5 10. c3 Re8 11. Bf4 Nh5 12. Bh2 e5 13. dxe5 Nxe5 14. Nxe5 Bxe5
15. Bxe5 Rxe5 16. c4 Nf6 17. b3 Bxh3 18. Nf3 Rh5 19. cxd5 Bg4 20. e4 Bxf3 21.
gxf3 Qd6 22. Rd1 Re8 23. Bc4 Qh2+ 24. Kf1 Nxe4 0-1

[Event "Club Championships A Grade"]
[Site "Wellington Chess Club"]
[Date "2019.11.28"]
[Round "2"]
[White "Benitez, Edgar"]
[Black "Timergazi, Layla"]
[Result "1-0"]
[WhiteElo "2040"]
[BlackElo "2166"]

1. d4 d5 2. c4 c6 3. Nf3 Nf6 4. Nc3 e6 5. e3 Nbd7 6. Be2 dxc4 7. Bxc4 b5 8. Bd3
a6 9. O-O Be7 10. e4 O-O 11. Re1 c5 12. d5 Bb7 13. dxe6 fxe6 14. Ng5 Qb6 15. e5
Qc6 16. f3 Nd5 17. Bxh7+ Kh8 18. Bb1 Nxc3 19. bxc3 Bxg5 20. Bxg5 Qd5 21. Be7
Rf7 22. Bd6 Qc4 23. Qd3 Qh4 24. Bc2 g6 25. Re3 Rh7 26. h3 Qg5 27. Kh2 Rg8 28.
Qe2 Nb6 29. Be4 Nd5 30. Bxd5 Bxd5 31. Re1 Kg7 32. Qf2 c4 33. Qg3 Qf5 34. Be7
Kf7 35. Bf6 Rb8 36. a3 a5 37. Rd1 Ke8 38. Rd4 b4 39. cxb4 axb4 40. axb4 Rxb4
41. Rf4 Qc2 42. Rg4 Rb1 43. Rh4 Qc1 44. Qxg6+ 1-0

[Event "Club Championships A Grade"]
[Site "Wellington Chess Club"]
[Date "2019.11.28"]
[Round "2"]
[White "Croad, Nicolas"]
[Black "Dive, Russell"]
[Result "1/2-1/2"]
[WhiteElo "2442"]
[BlackElo "2410"]

1. d4 Nf6 2. c4 c5 3. d5 b5 4. cxb5 a6 5. bxa6 d6 6. Nc3 Bxa6 7. e4 Bxf1 8.
Kxf1 g6 9. Nf3 Bg7 10. g3 O-O 11. Kg2 Nbd7 12. a4 Ng4 13. Qe2 Qa5 14. Nd2 h5
15. h3 Ngf6 16. Nc4 Qa6 17. Nb5 Nb6 18. Nxb6 Qxb6 19. Bg5 Rfe8 20. g4 e6 21.
Qf3 Nh7 22. Bf4 exd5 23. exd5 Be5 24. gxh5 Bxf4 25. hxg6 fxg6 26. Qxf4 Re5 27.
Ra3 Rf8 28. Qc4 Qd8 29. Rg3 Qf6 30. Rf1 Rf5 31. Qe2 Kg7 32. Nc7 Kh8 33. a5 Ng5
34. Ne6 Nxe6 35. dxe6 Re8 36. a6 Rxe6 37. Qd2 Kg7 38. a7 Re8 39. Qc3 Ra8 40.
Qxf6+ Rxf6 41. Ra1 Rf7 42. Ra6 Raxa7 43. Rxd6 Rf6 44. Rxf6 Kxf6 45. Rc3 Rb7 46.
b3 Ke6 47. Kf3 Rb4 48. Ke3 Kd5 49. Rd3+ Ke5 50. Kd2 c4 51. bxc4 Rxc4 52. Ke2
Rh4 53. Kf1 g5 54. f3 Ra4 55. Kg2 Kf4 56. Rd2 Rb4 57. Re2 Ra4 1/2-1/2

[Event "Club Championships A Grade"]
[Site "Wellington Chess Club"]
[Date "2019.11.28"]
[Round "9"]
[White "Pomeroy, Arthur"]
[Black "Nyberg, Michael"]
[Result "0-1"]
[WhiteElo "2074"]
[BlackElo "2104"]

1. e4 e5 2. Nf3 Nc6 3. Bb5 Nf6 4. d3 Bc5 5. Bxc6 dxc6 6. Bg5 Bg4 7. Nbd2 h6 8.
Bh4 Qe7 9. Nc4 Bd6 10. h3 Bh5 11. g4 Bg6 12. Qe2 O-O-O 13. O-O-O Qe6 14. Kb1
Rde8 15. Bg3 Nd7 16. Nxd6+ cxd6 17. Qe3 Nb6 18. Nh4 Rhf8 19. f4 exf4 20. Qxf4
Rd8 21. Nf5 Bxf5 22. exf5 Qf6 23. Rhe1 Rd7 24. Re2 Nd5 25. Qf2 Nb6 26. Rde1 Na4
27. c3 Nb6 28. a4 Kc7 29. a5 Nc8 30. Bh4 g5 31. Bg3 Kb8 32. Qh2 Ka8 33. Re8
Rxe8 34. Rxe8 Rd8 35. Qe2 b6 36. a6 Kb8 37. Qe4 Kc7 38. d4 Rxe8 39. Qxe8 Qe7
40. Qxe7+ Nxe7 41. c4 Kd7 42. b4 Ng8 43. c5 bxc5 44. bxc5 dxc5 45. dxc5 Nf6 46.
Bb8 Nd5 47. Bxa7 Nb4 48. Bb8 Nxa6 49. Bd6 Ke8 50. Kc1 Nb4 51. Kd2 Nd5 52. Ke2
f6 53. Kf3 Kf7 54. Ke4 Kg7 55. Bg3 h5 56. Bd6 hxg4 57. hxg4 Kf7 58. Kd4 Ke8 59.
Ke4 Kd7 60. Bf8 Nc7 61. Bd6 Nb5 62. Bg3 Nc3+ 63. Kd3 Nd5 64. Bd6 Ke8 65. Ke4
Nc3+ 66. Kd3 Nd1 67. Bg3 Nb2+ 68. Kd4 Kd7 69. Ke4 Nc4 70. Kd4 Na5 71. Bd6 Nb7
72. Bg3 Nd8 73. Ke4 Nf7 74. Bh2 Kc8 75. Kf3 Kb7 76. Bg3 Ka6 77. Bb8 Kb5 78. Bd6
Kc4 79. Be7 Ne5+ 80. Kg3 Nd7 81. Bd6 0-1

[Event "Club Championships A Grade"]
[Site "Wellington Chess Club"]
[Date "2019.12.05"]
[Round "1"]
[White "Dive, Russell"]
[Black "Nijman, Brian"]
[Result "1-0"]
[WhiteElo "2410"]
[BlackElo "2212"]

1. Nf3 g6 2. c4 Bg7 3. g3 c6 4. Bg2 e5 5. Nc3 d5 6. cxd5 cxd5 7. d4 e4 8. Ng1
Nc6 9. e3 Nge7 10. h4 O-O 11. Nh3 Bxh3 12. Bxh3 f5 13. Bf1 Kh8 14. Bd2 Qb6 15.
Na4 Qc7 16. Nc5 Rfc8 17. Qb3 Nd8 18. Rc1 b6 19. Nxe4 Qxc1+ 20. Bxc1 Rxc1+ 21.
Kd2 Rxf1 22. Rxf1 fxe4 23. Rc1 Ne6 24. Qa4 Nxd4 25. exd4 Bh6+ 26. Kd1 Bxc1 27.
Kxc1 Rc8+ 28. Kb1 Rc7 29. Qe8+ Kg7 30. Qd8 Rb7 31. g4 h5 32. gxh5 gxh5 33. Qd6
Ng6 34. Qxd5 Re7 35. Qxh5 e3 36. fxe3 Rxe3 37. Qg5 Re1+ 38. Kc2 1-0

[Event "Club Championships A Grade"]
[Site "Wellington Chess Club"]
[Date "2019.12.05"]
[Round "2"]
[White "Cilia Vincenti, David"]
[Black "Nyberg, Michael"]
[Result "1-0"]
[WhiteElo "2271"]
[BlackElo "2104"]

1. d4 Nf6 2. c4 c5 3. d5 e5 4. Nc3 d6 5. e4 Be7 6. g3 Nbd7 7. Bg2 Nf8 8. Nge2
Ng6 9. O-O h5 10. f4 h4 11. f5 Nf8 12. h3 hxg3 13. Nxg3 Bd7 14. a3 Qb6 15. Rb1
Qa6 16. Qe2 Rb8 17. b4 Qb6 18. Be3 Qa6 19. bxc5 Qxa3 20. Qc2 Qa5 21. c6 Bc8 22.
Ra1 Qd8 23. Bxa7 Ra8 24. Rfb1 bxc6 25. Bb6 Qxb6+ 26. Rxb6 Rxa1+ 27. Rb1 Rxb1+
28. Qxb1 N8h7 29. dxc6 O-O 30. Nd5 Nxd5 31. cxd5 Bg5 32. Bf1 Be3+ 33. Kg2 Nf6
34. Qb4 Bc5 35. Qa5 Re8 36. Ba6 Bxa6 37. Qxa6 Re7 38. Qc8+ Ne8 39. f6 1-0

[Event "Club Championships A Grade"]
[Site "Wellington Chess Club"]
[Date "2019.12.08"]
[Round "1"]
[White "Timergazi, Layla"]
[Black "Pomeroy, Arthur"]
[Result "1-0"]
[WhiteElo "2166"]
[BlackElo "2074"]

1. d4 Nf6 2. c4 g6 3. Nc3 Bg7 4. e4 d6 5. h3 O-O 6. Bg5 Na6 7. Bd3 e5 8. d5 Qe8
9. Nge2 Nd7 10. g4 Nb6 11. Ng3 c6 12. Qd2 Nc5 13. Be2 cxd5 14. cxd5 Bd7 15. h4
Nca4 16. h5 Nxc3 17. bxc3 f6 18. Be3 Rf7 19. hxg6 hxg6 20. Kf1 Bb5 21. Kg2 Bxe2
22. Qxe2 Qa4 23. Bh6 Kf8 24. Rab1 Ke7 25. Be3 Kf8 26. Rb4 Qa5 27. Rhb1 Rb8 28.
Bxb6 axb6 29. Rxb6 Qxc3 30. Rxd6 Rc7 31. Qb5 Qc2 32. Rc6 Rxc6 33. dxc6 b6 34.
Qd5 1-0

[Event "Club Championships A Grade"]
[Site "Wellington Chess Club"]
[Date "2019.12.12"]
[Round "2"]
[White "Nijman, Brian"]
[Black "Ker, Anthony"]
[Result "0-1"]
[WhiteElo "2212"]
[BlackElo "2451"]

1. e4 c5 2. a3 g6 3. b4 Bg7 4. Nc3 d6 5. Rb1 Nf6 6. Nf3 O-O 7. Bd3 a6 8. bxc5
dxc5 9. O-O b5 10. Re1 Nc6 11. Bf1 e5 12. d3 h6 13. Be3 Qd6 14. Qc1 Kh7 15. a4
b4 16. Nd1 Ng4 17. Nd2 Be6 18. Nc4 Bxc4 19. dxc4 f5 20. Rb3 fxe4 21. Bd2 Rad8
22. Be3 a5 23. c3 Rd7 24. Qb1 Nf6 25. Rb2 Rfd8 26. Rd2 Qe7 27. Rxd7 Rxd7 28.
Re2 Qd8 29. Re1 Bf8 30. g3 h5 31. h4 Bh6 32. Bh3 Rd3 33. Bxc5 bxc3 34. Bf1 Bd2
35. Qb7+ Qd7 36. Qxd7+ Rxd7 37. Re2 c2 0-1

[Event "Club Championships A Grade"]
[Site "Wellington Chess Club"]
[Date "2019.12.12"]
[Round "7"]
[White "Nyberg, Michael"]
[Black "Winter, Ryan"]
[Result "0-1"]
[WhiteElo "2104"]
[BlackElo "2087"]

1. d4 Nf6 2. c4 e6 3. Nc3 d5 4. Nf3 Be7 5. Bf4 O-O 6. e3 c6 7. Be2 dxc4 8. Bxc4
b5 9. Bd3 Bb7 10. O-O a6 11. Rc1 Nbd7 12. Bb1 c5 13. a3 Rc8 14. Ne5 cxd4 15.
exd4 Nb6 16. Qd3 Nbd5 17. Ng4 g6 18. Nxd5 Qxd5 19. Ne3 Qd7 20. f3 Rfd8 21. Be5
Ne8 22. Ba2 Bf6 23. Rxc8 Qxc8 24. Ng4 Bxe5 25. Nxe5 Qc7 26. Qe3 Qd6 27. Rd1 Qe7
28. Nd3 Nd6 29. Nc5 Nf5 30. Qe5 Bd5 31. Bb1 f6 32. Qf4 e5 33. Qd2 Nxd4 34. b4
Bc4 (34... Bxf3) 35. Qe1 a5 36. Kh1 axb4 37. axb4 Nc6 38. Rxd8+ Qxd8 39. Bc2
Qd4 40. h3 Qb2 41. Qe4 Nxb4 42. Qa8+ Kg7 43. Nd7 Qc1+ 44. Kh2 Qf4+ 45. Kh1 Kh6
46. Qf8+ Kg5 47. Be4 Nd5 48. Nc5 Nc3 49. Bd3 Qd4 50. Kh2 h5 51. Be4 h4 52. Qg7
f5 53. Qe7+ Kf4 54. Qxh4+ Ke3 55. Qg5+ Kf2 56. Qc1 Ne2 57. Qa3 Kf1 0-1

[Event "Club Championships B Grade"]
[Site "Wellington Chess Club"]
[Date "2019.09.26"]
[Round "1"]
[White "Aldridge, Alan"]
[Black "Ross, Matt"]
[Result "1-0"]
[WhiteElo "1922"]
[BlackElo "1867"]

1. e4 b6 2. Nc3 Bb7 3. d4 e6 4. a3 Ne7 5. Nf3 d6 6. Bg5 h6 7. Bh4 g5 8. Bg3 Ng6
9. h3 Nd7 10. Qd2 Qe7 11. O-O-O O-O-O 12. Bc4 f5 13. exf5 exf5 14. Rhe1 Qf6 15.
Nd5 Bxd5 16. Bxd5 f4 17. Bh2 Bg7 18. Qd3 Nb8 19. Be6+ Kb7 20. Bd5+ c6 21. Re6
Qf7 22. Bb3 Ne7 23. Rxh6 Qf5 24. Rxh8 Bxh8 25. Qxf5 Nxf5 26. Nxg5 Nxd4 27. Nf7
Nxb3+ 28. cxb3 Rf8 29. Nxh8 Rxh8 30. Bxf4 d5 31. Bxb8 Rxb8 32. Kd2 Rg8 33. g3
Rf8 34. f4 Rh8 35. h4 Rg8 36. Rg1 Kc7 37. Ke3 Kd6 38. Kf3 c5 39. Re1 b5 40. Re5
c4 41. bxc4 bxc4 42. h5 d4 43. h6 d3 44. h7 Rd8 45. Ke3 Kc6 46. Kd2 Rh8 47. Rh5
Rb8 48. h8=Q Rxh8 49. Rxh8 a5 50. Rh5 a4 51. Re5 Kd6 52. g4 Kc6 53. g5 Kd6 54.
g6 Kc6 55. g7 Kd7 56. g8=Q c3+ 57. Kxc3 d2 58. Qd5+ Kc7 59. Re7+ Kc8 60. Qb7+
Kd8 61. Qd7# 1-0

[Event "Club Championships B Grade"]
[Site "Wellington Chess Club"]
[Date "2019.09.26"]
[Round "1"]
[White "Sellen, Ian"]
[Black "Sole, Michael"]
[Result "1/2-1/2"]
[WhiteElo "2024"]
[BlackElo "2008"]

1. d4 Nf6 2. Nc3 d5 3. Bg5 e6 4. e3 c5 5. Nf3 b6 6. Bb5+ Bd7 7. Qe2 a6 8. Bxd7+
Nbxd7 9. O-O Be7 10. Rad1 O-O 11. h3 b5 12. dxc5 Nxc5 13. Nd4 Rc8 14. a3 Nfe4
15. Nxe4 Nxe4 16. Bf4 Bf6 17. f3 Nc5 18. Bh2 Na4 19. c3 Qb6 20. Kh1 Rfd8 21.
Rd2 e5 22. Nb3 d4 23. cxd4 exd4 24. exd4 Bxd4 25. Nxd4 Rxd4 26. Rfd1 Rdd8
1/2-1/2